Welcome to CU Library Online Public Access Catalogue (OPAC)

A comprehensive review for the certification and recertification examinations for physician assistants / (Record no. 2677)

MARC details
000 -LEADER
fixed length control field 01361cam a22003134a 4500
001 - CONTROL NUMBER
control field 15892061
005 - DATE AND TIME OF LATEST TRANSACTION
control field 20250118151236.0
008 - FIXED-LENGTH DATA ELEMENTS--GENERAL INFORMATION
fixed length control field 090901s2010 paua 001 0 eng
020 ## - INTERNATIONAL STANDARD BOOK NUMBER
International Standard Book Number 9781605477268
020 ## - INTERNATIONAL STANDARD BOOK NUMBER
International Standard Book Number 1605477265
050 00 - LIBRARY OF CONGRESS CALL NUMBER
Classification number R697.P45
Item number C66 2010
082 00 - DEWEY DECIMAL CLASSIFICATION NUMBER
Classification number 610.76
Edition information 22
245 02 - TITLE STATEMENT
Title A comprehensive review for the certification and recertification examinations for physician assistants /
Statement of responsibility, etc. volume editor, Claire Babcock O'Connell ; consulting editor, Sarah F. Zarbock.
250 ## - EDITION STATEMENT
Edition statement 4th ed.
260 ## - PUBLICATION, DISTRIBUTION, ETC.
Place of publication, distribution, etc. Philadelphia :
Name of publisher, distributor, etc. Wolters Kluwer Health/Lippincott Williams & Wilkins,
Date of publication, distribution, etc. c2010.
300 ## - PHYSICAL DESCRIPTION
Extent xi, [61], 358 p. :
Other physical details ill. ;
Dimensions 28 cm.
500 ## - GENERAL NOTE
General note Includes index.
500 ## - GENERAL NOTE
General note Published in collaboration with AAPA and PAEA.
650 #0 - SUBJECT ADDED ENTRY--TOPICAL TERM
Topical term or geographic name entry element Physicians' assistants
Form subdivision Examinations, questions, etc.
650 12 - SUBJECT ADDED ENTRY--TOPICAL TERM
Topical term or geographic name entry element Physician Assistants
Form subdivision Examination Questions.
650 22 - SUBJECT ADDED ENTRY--TOPICAL TERM
Topical term or geographic name entry element Certification
Form subdivision Examination Questions.
700 1# - ADDED ENTRY--PERSONAL NAME
Personal name O'Connell, Claire Babcock.
700 1# - ADDED ENTRY--PERSONAL NAME
Personal name Zarbock, Sarah F.
710 2# - ADDED ENTRY--CORPORATE NAME
Corporate name or jurisdiction name as entry element American Academy of Physician Assistants.
710 2# - ADDED ENTRY--CORPORATE NAME
Corporate name or jurisdiction name as entry element Physician Assistant Education Association.
856 42 - ELECTRONIC LOCATION AND ACCESS
Materials specified Publisher description
Uniform Resource Identifier <a href="http://www.loc.gov/catdir/enhancements/fy1204/2009035860-d.html">http://www.loc.gov/catdir/enhancements/fy1204/2009035860-d.html</a>
856 41 - ELECTRONIC LOCATION AND ACCESS
Materials specified Table of contents only
Uniform Resource Identifier <a href="http://www.loc.gov/catdir/enhancements/fy1204/2009035860-t.html">http://www.loc.gov/catdir/enhancements/fy1204/2009035860-t.html</a>
942 ## - ADDED ENTRY ELEMENTS (KOHA)
Source of classification or shelving scheme Library of Congress Classification
Koha item type Books
Edition 4th ed.
Suppress in OPAC No
999 ## -
-- 2677
-- 2677
Holdings
Withdrawn status Lost status Source of classification or shelving scheme Damaged status Not for loan Collection Home library Current library Shelving location Date acquired Total checkouts Full call number Barcode Date last seen Copy number Price effective from Koha item type
    Library of Congress Classification     Non-fiction Science Library (Miotso) Science Library (Miotso) General stacks 01/18/2025   R697 .P45C66 COM SLM00002028 01/18/2025 1 01/18/2025 Books
    Library of Congress Classification     Non-fiction Science Library (Miotso) Science Library (Miotso) General stacks 01/18/2025   R697 .P45C66 COM SLM00002029 01/18/2025 2 01/18/2025 Books
    Library of Congress Classification     Non-fiction Science Library (Miotso) Science Library (Miotso) General stacks 01/18/2025   R697 .P45C66 COM SLM00002030 01/18/2025 3 01/18/2025 Books
    Library of Congress Classification     Non-fiction Science Library (Miotso) Science Library (Miotso) General stacks 01/18/2025   R697 .P45C66 COM SLM00002031 01/18/2025 4 01/18/2025 Books
    Library of Congress Classification     Non-fiction Science Library (Miotso) Science Library (Miotso) General stacks 01/18/2025   R697 .P45C66 COM SLM00002032 01/18/2025 5 01/18/2025 Books
© 2023-2024 Copyright: Central University Libraries. All Rights Reserved | Created by: Mahone Tech Office